International Practitioner's Deskbook Series International Litigation Strategies and Practice /

Detalles Bibliográficos
Autor principal: Legum, Barton
Otros Autores: Berghoff, Ethan A., Edelman, Theodore
Formato: eBook
Lenguaje:inglés
Publicado: Chicago: American Bar Association, 2014
Edición:Segunda Edicin̤
Materias:
Acceso en línea:Acceso restringido

MARC

LEADER 00000nam a22000007a 4500
005 20210226205351.0
007 cr|||| |||
008 210226s2014 us |||||s|||| 00||0 eng d
020 |a 978-1-62722-357-7 
035 |a 32413 
040 |a vLex 
090 |c 11294  |d 11294 
100 1 |a Legum, Barton 
245 1 0 |a International Practitioner's Deskbook Series  |h [Recurso electrn̤ico] :  |b International Litigation Strategies and Practice /  |c Barton Legum, Ethan A. Berghoff, Theodore Edelman 
250 |a Segunda Edicin̤ 
256 |a Servicio en ln̕ea 
260 |a Chicago:  |b American Bar Association,  |c 2014 
300 |a 1 recurso electrn̤ico 
506 1 |a Disponible solo en los productos indicados  |d vLex Global  |d vLex Global (Academic Edition, excluding Law Schools)  |d vLex Global (Academic Edition, Law Schools) 
650 0 4 |a Derecho Internacional  |z Estados Unidos 
700 1 |a Berghoff, Ethan A. 
700 1 |a Edelman, Theodore 
740 0 |a vLex Libros (Servicio en ln̕ea) 
856 4 0 |u http://vlex.com/source/international-practitioner-s-deskbook-series-32413  |z Acceso restringido 
942 |c BOOK 
999 0 |a International right